000 00529cam a2200217ua 4500
001 7688
008 141220n ii |||gr||||Z||||||eng
020 _a9788186860120
040 _cMAIN
041 _aeng
082 _a324.11
100 _aDas, D.,
_eAuthor.,
245 1 _aWestern political thought
_cBy Deepan Das
250 _a1st.
260 _aDibrugarh:
_bNational,
_c2013.
300 _a304p.
653 _aThe political process
653 _aWestern political thought
700 _aSaha, I.,
_eAuthor.
942 _cBK
999 _c6810
_d6810